000 00820nam a2200253 a 4500
001 BRL_648
005 20190320210833.0
008 180913s1973----mx-#######---#000-0#spa-#
041 _aspa
044 _amx
050 4 _aLC92.M4
_b.T35 1973
100 1 _aTalavera, Abraham
_924517
245 1 0 _aLiberalismo y educación
_cAbraham Talavera.
260 _aMéxico, D.F.
_bSEP, Dirección General de Educación Audiovisual y Divulgación
_c1973
300 _a2v.
_c17 cm.
440 0 _aSepsetentas
_v103-104
_922717
500 _av.2 Au751
500 _aLa bibloteca cuenta solo con el t.2
504 _aincluye bibliografía p. 245-257
505 0 _at.1 Surgimiento de la conciencia educativa - t.2 La reforma y la intervencion
650 1 4 _aEducación y estado
_zMéxico
_924518
902 _aGRL
942 _2lcc
_cB
999 _c9460
_d9460